[Event "Barcelona Rubi op-B 5th"]
[Site "Barcelona"]
[Date "2004.04.??"]
[Round "1"]
[White "Marin Plana, Gerard"]
[Black "Fernandez Nadal, Alberto"]
[Result "0-1"]
[WhiteElo "1725"]
[BlackElo "1840"]
[PlyCount "32"]
[EventDate "2004.04.25"]
[EventType "swiss"]
[EventRounds "7"]
[EventCountry "ESP"]
[SourceTitle "EXT 2007"]
[Source "ChessBase"]
[SourceDate "2006.11.23"]
[SourceVersion "1"]
[SourceVersionDate "2006.11.23"]
[SourceQuality "1"]

1. e4 e6 2. d4 d5 3. Nc3 c5 4. dxc5 d4 5. Nce2 Bxc5 6. Nf3 Nc6 7. c3 e5 8. b4 Bb6 9. b5 Na5 10. cxd4 exd4 11. Bb2 Nc4 12. Bxd4 Ba5+ 13. Nd2 Bxd2+ 14. Qxd2 Nxd2 15. Bxg7 Nxe4 16. Rc1 Qd2# 0-1